Balaguer y los militares dominicanos : (Registro nro. 7096)

Detalles MARC
000 -LIDER
fixed length control field 01187nam a2200313 a 4500
001 - NÚMERO DE CONTROL
Identificador de número de control 000028585
003 - IDENTIFICACDOR DE NÚMERO DE CONTROL
control field DO-SdBNP
005 - DATE AND TIME OF LATEST TRANSACTION
control field 20171120125356.0
008 - ELEMENTOS DE LONGITUD FIJA
fixed length control field 110411s2010 dr 001 0 spa d
020 ## - ISBN
International Standard Book Number 9789993427162
040 ## - FUENTE DE CATALOGACIÓN
Agencia que crea de manera original el registro BPMSU
Idioma de catalogación spa
Agencia que realiza la transcripción BPMSU
082 04 - NÚMERO DE CLASIFICACIÓN DECIMAL DE DEWEY
Classification number 972.93054
Item number B742b
100 1# - ASIENTO PRINCIPAL -- NOMBRE PERSONAL
Nombre personal Bosch, Brian J.
240 10 - TITULO UNIFORME
Título uniforme Balaguer and the Dominican military
Idioma de una obra español
245 10 - MENCIÓN DE TITULO
Título Balaguer y los militares dominicanos :
Subtítulo una divina jerarquía de oficiales durante la décadas de los años sesenta y setenta /
Mención de responsabilidad Brian J. Bosch ; Bernardo Vega, editor.
260 ## - PUBLICACIÓN, DISTRIBUCIÓN, ETC. (PIE DE IMPRENTA)
Lugar de publicación, distribución, etc Santo Domingo :
Nombre del editor, distribuidor, etc. Fundación Cultura Dominicana,
Fecha de publicación, distribución, etc 2010.
300 ## - DESCRIPCIÓN FÍSICA
Extensión 418 p. :
Otros detalles físicos il., retr. ;
Dimensiones 24 cm.
500 ## - NOTA GENERAL
Nota general Incluye índice onomástico
500 ## - NOTA GENERAL
Nota general Traducido del inglés
504 ## - NOTA DE BIBLIOGRAFÍA, ETC.
Bibliography, etc Bibliografía : P. 405-406
600 14 - ENCABEZAMIENTO DE MATERIA--NOMBRE PERSONAL
Nombre personal BALAGUER, JOAQUÍN
Fechas asociadas con el nombre 1906-2002
651 #4 - ENCABEZAMIENTO DE MATERIA--NOMBRE GEOGRÁFICO
Nombre geográfico REPÚBLICA DOMINICANA
Subdivisión temática general FUERZAS ARMADAS
-- HISTORIA
Subdivisión cronológica SIGLO XX
651 #4 - ENCABEZAMIENTO DE MATERIA--NOMBRE GEOGRÁFICO
Nombre geográfico REPÚBLICA DOMINICANA
Subdivisión temática general POLÍTICA Y GOBIERNO
Subdivisión cronológica SIGLO XX
700 12 - ASIENTO SECUNDARIO -- NOMBRE PERSONAL
Nombre personal Vega, Bernardo
Mención de responsabilidad ed.
910 ## - VALIDACIÓN
Validación Validado. Control de calidad MFF
942 ## - ADDED ENTRY ELEMENTS (KOHA)
Source of classification or shelving scheme Dewey Decimal Classification
Koha item type Libros
945 ## - INFORMACIÓN DE PROCESAMIENTO LOCAL
Información de procesamiento local Inventariado / 2017 VM
956 ## - LOCAL ELECTRONIC LOCATION AND ACCESS (OCLC)
Nombre de host VMATEO
Número de acceso 10
Información de compresión 20150723
Inicio de sesión BPMSU
Procesador de solicitud 0069
Existencias
Withdrawn status Lost status Source of classification or shelving scheme Damaged status Not for loan Collection code Home library Current library Date acquired Total Checkouts Full call number Barcode Date last seen Price effective from Koha item type Copy number
    Dewey Decimal Classification     Colección Dominicana Biblioteca Pública Metropolitana Salomé Ureña Biblioteca Pública Metropolitana Salomé Ureña 07/08/2014   972.93054 B742b BPMSU15040459 07/08/2014 07/08/2014 Libros  
    Dewey Decimal Classification     Colección Dominicana Biblioteca Pública Metropolitana Salomé Ureña Biblioteca Pública Metropolitana Salomé Ureña 07/08/2014   972.93054 B742b BPMSU15040460 07/08/2014 07/08/2014 Libros e. 2
    Dewey Decimal Classification     Colección Dominicana Biblioteca Pública Metropolitana Salomé Ureña Biblioteca Pública Metropolitana Salomé Ureña 07/23/2015   972.93054 B742b BPMSU15070349 07/23/2015 07/23/2015 Libros e. 3